Click Fast to Empty the Map of the United States - Statistics

General Stats
  • This quiz has been taken 535 times
  • The average score is 31 of 50
Answers on the Map
Answers color-coded by a green-red scale on the quiz's map according to % correct below.
 
Answer Stats
Answer % Correct
Alaska
72%
Washington
71%
Hawaii
69%
Nevada
69%
South Dakota
69%
Colorado
68%
Arizona
67%
Montana
67%
North Dakota
67%
Vermont
67%
Florida
66%
Kentucky
66%
Utah
66%
California
65%
Kansas
65%
New Hampshire
65%
Wisconsin
65%
Michigan
64%
Minnesota
63%
Rhode Island
63%
South Carolina
63%
Wyoming
63%
Idaho
62%
Illinois
62%
Maryland
62%
New Mexico
62%
Oklahoma
62%
Pennsylvania
62%
Texas
62%
Maine
61%
Louisiana
60%
Massachusetts
60%
New Jersey
60%
New York
60%
Ohio
60%
Tennessee
60%
West Virginia
60%
Connecticut
59%
Delaware
59%
Georgia
59%
Mississippi
59%
Oregon
59%
Alabama
58%
Arkansas
58%
Missouri
58%
Indiana
57%
North Carolina
56%
Virginia
56%
Iowa
53%
Nebraska
53%
No matching quizzes found
Score Distribution
Percent of People with Each Score
Percentile by Number Answered
Your Score History
You have not taken this quiz